[Event "36th World Junior Girls"]
[Site "Manavgat TUR"]
[Date "2018.09.05"]
[Round "1.5"]
[White "Celik, Eylul"]
[Black "Zhu, Jiner"]
[Result "0-1"]
[WhiteTitle "WCM"]
[BlackTitle "WIM"]
[WhiteElo "2014"]
[BlackElo "2364"]
[WhiteFideId "34505792"]
[BlackFideId "8608059"]
[EventDate "2018.09.05"]

1. d4 Nf6 2. c4 g6 3. Nc3 Bg7 4. e4 d6 5. f3 O-O 6. Be3 Nc6 7. Nge2 a6 8. Qd2
Rb8 9. Nc1 e5 10. d5 Nd4 11. Nb3 Nxb3 12. axb3 c5 13. Bd3 Nh5 14. O-O f5 15. Bg5
Qe8 16. b4 b6 17. b5 a5 18. exf5 gxf5 19. Bh6 Rb7 20. Na4 Bxh6 21. Qxh6 Nf4 22.
Rad1 Rg7 23. Rd2 Qd8 24. Nxb6 Rg6 25. Qxg6+ hxg6 26. Na4 Qg5 27. Nc3 Nh3+ 0-1

[Event "36th World Junior Girls"]
[Site "Manavgat TUR"]
[Date "2018.09.05"]
[Round "1.7"]
[White "Kamalidenova, Meruert"]
[Black "Dordzhieva, Dinara"]
[Result "0-1"]
[WhiteTitle "WFM"]
[BlackTitle "WIM"]
[WhiteElo "2011"]
[BlackElo "2318"]
[WhiteFideId "13712802"]
[BlackFideId "24157570"]
[EventDate "2018.09.05"]

1. e4 c5 2. Nf3 d6 3. d4 cxd4 4. Nxd4 Nf6 5. Nc3 a6 6. h3 e6 7. g4 h6 8. Bg2 Be7
9. Be3 Nc6 10. Qe2 Nxd4 11. Bxd4 e5 12. Be3 b5 13. O-O Be6 14. Nd5 Nxd5 15. exd5
Bd7 16. f4 exf4 17. Bxf4 O-O 18. c3 Bg5 19. Qf3 f5 20. gxf5 Bxf5 21. Qe3 Bh4 22.
Bg3 Bxg3 23. Qxg3 Rf6 24. Rae1 Qd7 25. Kh2 Raf8 26. Qe3 Qf7 27. a3 Qh5 28. Qf3
Qxf3 29. Rxf3 Bd7 30. Rg3 Rf2 31. Kg1 R2f4 32. Rg6 R8f6 33. Rxf6 Rxf6 34. Re4
Kf7 35. c4 g5 36. b4 bxc4 37. Rxc4 Bb5 38. Rc7+ Kg6 39. Kh2 Rf2 40. Kg3 Rd2 41.
Re7 Rd3+ 42. Kf2 Rxa3 43. Re6+ Kf5 44. Rxd6 h5 45. Rh6 Ra2+ 46. Kg1 Be2 47. Kf2
Bc4+ 48. Kg1 Rd2 49. Rxh5 Kf4 50. Rh8 Kg3 51. Bf1 Rd1 52. Rf8 Bxf1 53. Rxf1 Rxd5
54. Ra1 Rd3 55. Kf1 Kxh3 56. Rxa6 Rb3 57. Rg6 g4 58. Kg1 Kg3 59. Kf1 Rb1+ 60.
Ke2 Rxb4 61. Kf1 Rb1+ 62. Ke2 Kh3 63. Kf2 Rb2+ 64. Kg1 Rg2+ 65. Kf1 Rc2 66. Kg1
Kg3 67. Kf1 Rc1+ 68. Ke2 Rg1 69. Rg8 Kh2 70. Kf2 g3+ 71. Kf3 Rf1+ 72. Kg4 g2 73.
Rh8+ Kg1 74. Kg3 Rc1 75. Ra8 Rc3+ 76. Kg4 Rd3 77. Rf8 Rd7 78. Rf3 Rg7+ 79. Kh4
Rg8 80. Ra3 Kf2 81. Ra2+ Ke3 82. Ra3+ Kd4 0-1

[Event "36th World Junior Girls"]
[Site "Manavgat TUR"]
[Date "2018.09.05"]
[Round "1.8"]
[White "Gorti, Akshita"]
[Black "Cramling Bellon, Anna"]
[Result "1-0"]
[WhiteTitle "FM"]
[BlackTitle "WFM"]
[WhiteElo "2315"]
[BlackElo "2009"]
[WhiteFideId "2072505"]
[BlackFideId "32009232"]
[EventDate "2018.09.05"]

1. Nf3 c5 2. e3 Nf6 3. d4 d5 4. c3 e6 5. Nbd2 Nc6 6. Bd3 Bd6 7. O-O O-O 8. dxc5
Bxc5 9. b4 Bd6 10. Bb2 e5 11. e4 dxe4 12. Nxe4 Nxe4 13. Bxe4 Kh8 14. Re1 Bg4 15.
h3 Bxf3 16. Qxf3 Qc7 17. Qf5 g6 18. Qf6+ Kg8 19. Rad1 Be7 20. Qf3 f5 21. Bd5+
Kh8 22. b5 Na5 23. c4 Bf6 24. Qc3 Rad8 25. Kh1 Kg7 26. Ba3 Rfe8 27. Bb4 b6 28.
Bxa5 bxa5 29. c5 e4 30. Qc1 Re5 31. Bc6 Rd3 32. f3 Qe7 33. fxe4 fxe4 34. Qf4
Qxc5 35. Bxe4 Rxd1 36. Rxd1 Qxb5 37. Rf1 Qb6 38. Rd1 Qe6 39. Rd4 Bg5 40. Qf3 Bf6
41. Qd3 Be7 42. a4 h5 43. Qc3 Qf6 44. Qd3 h4 45. Rd7 Rxe4 46. Qxe4 Kf8 47. Qa8+
Kf7 48. Rd1 Qf4 49. Qd5+ Kg7 50. Qd7 Kf6 51. Re1 Qd6 52. Rf1+ Kg7 53. Qxa7 Qb4
54. Qd7 Kh6 55. Rd1 Bf6 56. Qd2+ Qxd2 57. Rxd2 Bc3 58. Rd5 Kg7 59. Kg1 Kf7 60.
Kf2 Ke6 61. Rg5 Kf6 62. Rb5 Ke6 63. Kf3 Be1 64. Kg4 Kf6 65. Rb1 Bg3 66. Rb6+ Ke5
67. Rb5+ Ke4 68. Rxa5 Ke3 69. Rb5 1-0

[Event "36th World Junior Girls"]
[Site "Manavgat TUR"]
[Date "2018.09.05"]
[Round "1.9"]
[White "Hu, Yu A."]
[Black "Khomeriki, Nino"]
[Result "0-1"]
[BlackTitle "WIM"]
[WhiteElo "2009"]
[BlackElo "2313"]
[WhiteFideId "8609993"]
[BlackFideId "13603191"]
[EventDate "2018.09.05"]

1. e4 e5 2. Nf3 Nc6 3. Bb5 a6 4. Ba4 Nf6 5. d3 b5 6. Bb3 Be7 7. O-O d6 8. c3 O-O
9. Re1 Na5 10. Bc2 c5 11. Nbd2 Nc6 12. Nf1 h6 13. h3 Be6 14. Ng3 Qd7 15. d4 cxd4
16. cxd4 exd4 17. Nxd4 Nxd4 18. Qxd4 Rfc8 19. Bb3 Bxb3 20. axb3 Qe6 21. Qd3 Nd7
22. Nf5 Bf8 23. Qg3 Qg6 24. Bf4 Qxg3 25. Bxg3 Nc5 26. Bxd6 Nxb3 27. Ra3 Nd2 28.
Bxf8 Kxf8 29. Nd6 Rc2 30. Nxb5 Rxb2 31. Nc7 Rc8 32. Nd5 Rc6 33. Rea1 Nxe4 34.
Rxa6 Rxa6 35. Rxa6 g6 36. f3 Ng3 37. Nc3 h5 38. Ra2 Rb3 39. Kf2 Nh1+ 40. Kg1 Ng3
41. Kf2 h4 42. Rc2 Kg7 43. Ne2 Nf5 44. Rd2 Rb1 45. Nc3 Rb3 46. Ne4 Ra3 47. Rd7
Ra2+ 48. Rd2 Ra7 49. Rd1 f6 50. f4 Rb7 51. Rd2 Ra7 52. Rd1 Ra6 53. Rd7+ Kh6 54.
Rd8 Ra4 55. Kf3 Nd4+ 56. Ke3 Nc2+ 57. Kd2 Rxe4 58. Kxc2 Rxf4 59. Rd2 Re4 60. Kd3
f5 61. Ra2 Kg5 62. Ra6 Re1 0-1

[Event "36th World Junior Girls"]
[Site "Manavgat TUR"]
[Date "2018.09.05"]
[Round "1.13"]
[White "Ayan, Bengu Sena"]
[Black "Sieber, Fiona"]
[Result "1/2-1/2"]
[WhiteTitle "WFM"]
[BlackTitle "WIM"]
[WhiteElo "1976"]
[BlackElo "2277"]
[WhiteFideId "6346120"]
[BlackFideId "12902373"]
[EventDate "2018.09.05"]

1. d4 Nf6 2. c4 e6 3. Nc3 Bb4 4. e3 O-O 5. Ne2 d5 6. a3 Bd6 7. cxd5 exd5 8. Ng3
Re8 9. Bd3 c6 10. Qc2 Nbd7 11. Nce2 Nf8 12. O-O h5 13. Re1 Bc7 14. Bd2 h4 15.
Nf1 h3 16. g3 Ne6 17. Bc3 Ng5 18. Nd2 Bg4 19. Nf4 Bxf4 20. exf4 Nf3+ 21. Nxf3
Bxf3 22. Bf1 Qd7 23. Qd3 Be4 24. Qd1 Qf5 25. f3 Bc2 26. Qd2 Bb3 27. Bd3 Qd7 28.
Re5 Rxe5 29. fxe5 Nh7 30. Qf4 g6 31. Qh4 Bc4 32. Bc2 Nf8 33. Bd2 c5 34. Bg5 Qe6
35. Be3 cxd4 36. Bxd4 Be2 37. Kf2 Rc8 38. Bb3 Bd3 39. Re1 Bc2 40. Ba2 Bd3 41.
Bb3 1/2-1/2

[Event "36th World Junior Girls"]
[Site "Manavgat TUR"]
[Date "2018.09.05"]
[Round "1.14"]
[White "Potapova, Margarita"]
[Black "Aubert, Laurane"]
[Result "1/2-1/2"]
[WhiteTitle "WFM"]
[WhiteElo "2277"]
[BlackElo "1970"]
[WhiteFideId "14126869"]
[BlackFideId "20690371"]
[EventDate "2018.09.05"]

1. e4 c5 2. Nf3 e6 3. d4 cxd4 4. Nxd4 Nf6 5. Nc3 Nc6 6. Ndb5 Bb4 7. a3 Bxc3+ 8.
Nxc3 d5 9. exd5 exd5 10. Bd3 O-O 11. O-O d4 12. Ne2 Bg4 13. f3 Bh5 14. Nf4 Bg6
15. Nxg6 hxg6 16. f4 Re8 17. f5 gxf5 18. Bxf5 Ne7 19. Bd3 Ned5 20. Qf3 Qc7 21.
Bg5 Re5 22. Bh4 Re3 23. Qf5 Re5 24. Qh3 Rh5 25. Qg3 Qxg3 26. Bxg3 Ne3 27. Rf4
Rd5 28. Bf2 Nfg4 29. Bg3 Nf6 30. Be1 Rc8 31. Rc1 a6 32. h3 b5 33. g4 Nd7 34. Be4
Rdc5 35. Bb4 R5c7 36. Ba5 Rc5 37. Bb4 R5c7 38. Bd6 Rc4 39. Rf2 Nf6 40. Bd3 R4c6
41. Be5 Rd8 42. Rf4 Rdc8 43. Bxd4 Nxc2 44. Bxf6 gxf6 45. Bf5 Ne3 46. Rxc6 Rxc6
47. Be4 Rd6 48. b3 Kg7 49. Kf2 Nd1+ 50. Kg3 Nc3 51. Kf3 Rd1 52. Bb7 a5 53. Ke3
Rb1 54. b4 axb4 55. Rxb4 Rxb4 56. axb4 Na2 57. Kd4 Nxb4 58. Kc3 Na2+ 59. Kb2 Nb4
60. Kc3 Na2+ 1/2-1/2

[Event "36th World Junior Girls"]
[Site "Manavgat TUR"]
[Date "2018.09.05"]
[Round "1.16"]
[White "Alinasab, Mobina"]
[Black "Meenal, Gupta"]
[Result "1/2-1/2"]
[WhiteTitle "WIM"]
[WhiteElo "2261"]
[BlackElo "1963"]
[WhiteFideId "12528897"]
[BlackFideId "25070479"]
[EventDate "2018.09.05"]

1. e4 c5 2. Nf3 d6 3. d4 cxd4 4. Nxd4 Nf6 5. Nc3 a6 6. Bg5 e6 7. f4 Be7 8. Qe2
h6 9. Bxf6 Bxf6 10. O-O-O Qc7 11. Qe3 Qc5 12. Qd3 Bxd4 13. Qxd4 Qxd4 14. Rxd4
Ke7 15. Be2 Nc6 16. Rd2 g5 17. f5 Ne5 18. h4 gxh4 19. Rxh4 Bd7 20. Rf4 Bc6 21.
g4 Rhg8 22. Nd1 Bb5 23. Ne3 Rac8 24. Bxb5 axb5 25. Kd1 Nc4 26. Nxc4 Rxc4 27. f6+
Kd7 28. b3 Rc5 29. Rh2 e5 30. Rff2 Rxg4 31. Rxh6 Rxe4 32. Rg2 Rd5+ 33. Kc1 b4
34. Kb2 Re1 35. a3 bxa3+ 36. Kxa3 e4 37. Rg7 Ke6 38. Rg8 e3 39. Re8+ Kd7 40.
Re7+ Kc6 41. Rh4 e2 42. Rc4+ Rc5 43. Kb4 b5 44. Rce4 Rxc2 45. Rxf7 Rf1 46. Rfe7
Rxf6 47. Rxe2 Rxe2 48. Rxe2 Kb6 49. Re4 Rg6 50. Rf4 Rg5 51. Re4 Re5 52. Rf4 Kc6
53. Rf8 Re4+ 54. Ka5 Re3 55. Kb4 Kd5 56. Rf5+ Ke4 57. Rxb5 d5 58. Rb8 d4 59. Rd8
Kd3 60. Kc5 Re5+ 61. Kb4 Re4 62. Kc5 Kc3 63. b4 Re5+ 64. Kc6 Kc4 65. Rb8 d3 66.
Rd8 Rb5 67. Rxd3 Rxb4 1/2-1/2

[Event "36th World Junior Girls"]
[Site "Manavgat TUR"]
[Date "2018.09.05"]
[Round "1.20"]
[White "Paramzina, Anastasya"]
[Black "Kocyigit, Buse Naz"]
[Result "1-0"]
[WhiteTitle "WGM"]
[WhiteElo "2222"]
[BlackElo "1944"]
[WhiteFideId "4165012"]
[BlackFideId "6380840"]
[EventDate "2018.09.05"]

1. e4 e6 2. d4 d5 3. Nc3 Nf6 4. Bg5 Bb4 5. e5 h6 6. Be3 Ne4 7. Qg4 Kf8 8. a3 f5
9. exf6 Nxf6 10. Qf3 Be7 11. Nge2 Nc6 12. Nf4 Kf7 13. Bd3 e5 14. Bg6+ Kg8 15.
Nfe2 Be6 16. O-O Bd6 17. Bf5 Bf7 18. Qh3 exd4 19. Bxd4 Nxd4 20. Nxd4 g6 21. Be6
Bxe6 22. Qxe6+ Kg7 23. Qh3 Kh7 24. Rad1 c6 25. f4 Bc5 26. f5 g5 27. Ne2 Re8 28.
Kh1 Ne4 29. f6 Re5 30. Nf3 Qxf6 31. Nxe5 Qxe5 32. Rf7+ Kg6 33. Rdf1 h5 34. Ng3
Nxg3+ 35. Qxg3 Qxg3 36. R1f6# 1-0

[Event "36th World Junior Girls"]
[Site "Manavgat TUR"]
[Date "2018.09.05"]
[Round "1.21"]
[White "Kyrkjebo, Marte B."]
[Black "Mahalakshmi, M"]
[Result "1/2-1/2"]
[BlackTitle "WIM"]
[WhiteElo "1935"]
[BlackElo "2213"]
[WhiteFideId "1511602"]
[BlackFideId "5001080"]
[EventDate "2018.09.05"]

1. e4 c6 2. d4 d5 3. e5 c5 4. dxc5 e6 5. Be3 Nd7 6. Bb5 Qa5+ 7. Nc3 a6 8. Ba4
Bxc5 9. Bxc5 Qxc5 10. Nf3 b5 11. Bb3 Ne7 12. O-O O-O 13. Re1 Bb7 14. Ne2 b4 15.
a3 bxa3 16. Rxa3 Nb6 17. Ned4 a5 18. Ba4 Nc4 19. Ra2 Ba6 20. c3 Rfb8 21. Qc1 Qc7
22. b3 Nb6 23. Qe3 Rc8 24. Rc1 Qc5 25. Ne1 Ng6 26. Nef3 Rc7 27. Qd2 Rac8 28. h3
h6 29. Qe3 Nxa4 30. Rxa4 Qb6 31. Qd2 Rc5 32. Ra2 Bb7 33. Qe3 Qc7 34. Rac2 Ba6
35. Kh1 Qb8 36. Ra2 Bb7 37. Kg1 Qc7 38. Rac2 Qb6 39. Ra2 Bc6 40. Rca1 Bd7 41.
Rc1 Qc7 42. Rac2 Qb8 43. Ra2 Be8 44. Kh1 R8c7 45. Kg1 Rc8 46. Kh1 Nf8 47. Ne1
Nd7 48. f4 g6 49. g4 Qc7 50. Rac2 Qd8 51. f5 exf5 52. gxf5 Qg5 53. Qxg5 hxg5 54.
fxg6 Nxe5 55. gxf7+ Bxf7 56. Nf5 Kf8 57. Nd6 R8c6 58. Nxf7 Kxf7 59. Kg2 Rb6 60.
Rb1 Rcb5 61. Rcb2 Nc4 62. Rf2+ Kg6 63. Nd3 Rxb3 64. Rc1 Rb1 65. Rxb1 Rxb1 66.
Nc5 Rb2 67. Na4 Rb3 68. Rf3 Ra3 69. Nc5 Ra2+ 70. Kg3 Rd2 71. h4 g4 72. Rf1 Rc2
73. Na4 Ra2 74. Nc5 Ra3 75. Rc1 d4 76. Kxg4 Rxc3 77. Rg1 Kh6 78. Ne4 Re3 79. Kf5
Rf3+ 80. Ke6 Rf4 81. Kd5 Rxh4 82. Kxc4 Rxe4 83. Rd1 d3+ 84. Kxd3 Re5 1/2-1/2

[Event "36th World Junior Girls"]
[Site "Manavgat TUR"]
[Date "2018.09.05"]
[Round "1.22"]
[White "Altantuya, Boldbaatar"]
[Black "Hereklioglu, Sude"]
[Result "0-1"]
[WhiteTitle "WFM"]
[BlackTitle "WFM"]
[WhiteElo "2210"]
[BlackElo "1930"]
[WhiteFideId "4902785"]
[BlackFideId "6359531"]
[EventDate "2018.09.05"]

1. d4 g6 2. c4 Bg7 3. Nc3 c5 4. d5 d6 5. e4 Na6 6. Bd3 Nf6 7. h3 O-O 8. Nf3 e5
9. Be3 Nc7 10. Qd2 b6 11. Bh6 Rb8 12. g4 a6 13. a4 Bd7 14. Bxg7 Kxg7 15. Qe2 Qe8
16. b3 b5 17. axb5 axb5 18. O-O Qc8 19. Nd2 b4 20. Na4 h5 21. f3 Nce8 22. Qg2
Kh8 23. Qg3 g5 24. h4 Rg8 25. Kf2 hxg4 26. Rh1 Nh7 27. hxg5 Rg7 28. Rh6 Qd8 29.
Rh5 Rxg5 30. Rh6 Rg6 31. Rah1 Rxh6 32. Rxh6 Qg5 33. Qh4 Qxd2+ 34. Kg1 Qe3+ 35.
Kh2 Qf4+ 36. Kg1 Nf6 37. fxg4 Qxg4+ 38. Qxg4 Bxg4 0-1

[Event "36th World Junior Girls"]
[Site "Manavgat TUR"]
[Date "2018.09.05"]
[Round "1.23"]
[White "Tian, Shi Yuan"]
[Black "Caglar, Sila"]
[Result "1/2-1/2"]
[BlackTitle "WFM"]
[WhiteElo "1923"]
[BlackElo "2208"]
[WhiteFideId "2623960"]
[BlackFideId "6364063"]
[EventDate "2018.09.05"]

1. d4 Nf6 2. Nf3 g6 3. Bf4 Bg7 4. e3 O-O 5. Be2 d6 6. h3 Nc6 7. O-O Nd7 8. c4 e5
9. Bh2 exd4 10. exd4 Re8 11. Nc3 Nf6 12. d5 Nb8 13. Bd3 a5 14. Qd2 Na6 15. Rae1
Nc5 16. Bc2 Bd7 17. Nd4 a4 18. Bf4 a3 19. b3 Nh5 20. Bg5 Qc8 21. Rxe8+ Bxe8 22.
Ne4 Bd7 23. Kh2 f5 24. Nxc5 dxc5 25. Nf3 Qf8 26. Re1 Re8 27. Rxe8 Qxe8 28. Qe3
Qxe3 29. Bxe3 b6 30. Bg5 c6 31. Bd8 b5 32. dxc6 Bxc6 33. cxb5 Bxb5 34. Be7 Bf8
35. Bxf8 Kxf8 36. g3 Nf6 37. Nd2 Nd5 38. Nb1 Be2 39. Nxa3 Nc3 40. Bb1 Bf3 41.
Kg1 Ke7 42. Kf1 Be4 1/2-1/2

[Event "36th World Junior Girls"]
[Site "Manavgat TUR"]
[Date "2018.09.05"]
[Round "1.28"]
[White "Kanakova, Natalie"]
[Black "Aksoy, Ayca"]
[Result "1-0"]
[WhiteTitle "WFM"]
[WhiteElo "2201"]
[BlackElo "1898"]
[WhiteFideId "350486"]
[BlackFideId "6355978"]
[EventDate "2018.09.05"]

1. c4 e5 2. Nc3 Nc6 3. g3 d6 4. Bg2 Be6 5. d3 Qd7 6. Rb1 g6 7. b4 Bg7 8. b5 Nd8
9. e3 Ne7 10. Nd5 O-O 11. a4 c6 12. Nxe7+ Qxe7 13. Ba3 Qd7 14. a5 f5 15. Qd2 Rc8
16. bxc6 bxc6 17. Ne2 g5 18. f4 gxf4 19. exf4 Nf7 20. O-O Rfd8 21. a6 Rb8 22.
Qa5 e4 23. Qd2 d5 24. dxe4 fxe4 25. cxd5 cxd5 26. Nd4 Nd6 27. Rxb8 Rxb8 28. f5
Nxf5 29. Nxe6 Qxe6 30. Qf4 Qb6+ 31. Kh1 Ne3 32. Bc5 Qxc5 33. Qxb8+ Bf8 34. Rg1
Nxg2 35. Rxg2 Qd4 36. Qf4 Bh6 37. Qg4+ Bg7 38. Rc2 Qa1+ 39. Kg2 h5 40. Rc8+ Kh7
41. Qf5+ 1-0

[Event "36th World Junior Girls"]
[Site "Manavgat TUR"]
[Date "2018.09.05"]
[Round "1.33"]
[White "Bail, Ellen Larissa"]
[Black "Pychova, Nela"]
[Result "0-1"]
[BlackTitle "WFM"]
[WhiteElo "1832"]
[BlackElo "2173"]
[WhiteFideId "2142171"]
[BlackFideId "351369"]
[EventDate "2018.09.05"]

1. Nf3 Nf6 2. c4 e6 3. g3 Be7 4. Bg2 O-O 5. O-O d5 6. d4 c6 7. Nc3 Nbd7 8. cxd5
exd5 9. Rb1 a5 10. a3 Nb6 11. b4 Nc4 12. Nd2 axb4 13. axb4 Bf5 14. Rb3 b5 15.
Re1 Qb6 16. e4 Bg4 17. Nf3 dxe4 18. Nxe4 Nd5 19. Nc5 Ra2 20. h3 Bf5 21. Re2 Ra1
22. Qe1 Qc7 23. Ne5 Bf6 24. Nf3 h6 25. Kh2 Qc8 26. Ne4 Be7 27. Nc5 Bd6 28. Nh4
Bh7 29. Nf3 Nf4 30. Ree3 Nxe3 31. Rxe3 Nd5 32. Re2 Qd8 33. Qd2 Nxb4 34. Bb2 Bxc5
35. Bxa1 Bd6 36. Bc3 Nd5 37. Ba5 Qc8 38. Ne5 Bf5 39. Re1 Be6 40. Nd3 Qa6 41. Nc5
Bxc5 42. dxc5 Qa7 43. Bxd5 Bxd5 44. Bc3 Qa4 45. Re5 Qc4 46. Kg1 Rb8 47. Re1 Qxc5
48. Qf4 Ra8 49. Bd4 Qf8 50. Rc1 Rc8 51. Bc5 Qe8 52. Qg4 Be6 53. Qf3 Qd7 54. Rd1
Bd5 55. Qh5 Qe6 56. Qh4 Qe2 57. Qg4 Qxg4 58. hxg4 Bf3 59. Re1 Bxg4 60. Kg2 Rd8
61. Re4 Be6 62. Re2 Rd3 63. Re3 Rd2 64. Bb4 Rb2 65. Bc3 Rc2 66. Be5 b4 0-1

[Event "36th World Junior Girls"]
[Site "Manavgat TUR"]
[Date "2018.09.05"]
[Round "1.38"]
[White "Urh, Zala"]
[Black "Can, Isil"]
[Result "1/2-1/2"]
[WhiteTitle "WFM"]
[BlackTitle "WCM"]
[WhiteElo "2128"]
[BlackElo "1798"]
[WhiteFideId "14611481"]
[BlackFideId "34505733"]
[EventDate "2018.09.05"]

1. d4 d5 2. c4 c6 3. Nf3 Nf6 4. e3 e6 5. Nbd2 Nbd7 6. Bd3 Bd6 7. O-O O-O 8. e4
dxe4 9. Nxe4 Nxe4 10. Bxe4 Nf6 11. Bc2 c5 12. Qd3 h6 13. Rd1 Qc7 14. dxc5 Bxc5
15. b4 Be7 16. Bb2 Rd8 17. Qb3 b6 18. Be5 Qc6 19. Nd4 Qe8 20. a4 Bb7 21. a5 bxa5
22. Rxa5 a6 23. Qb2 Bd6 24. Bxd6 Rxd6 25. Ba4 Bc6 26. Nxc6 Qxc6 27. Rxd6 Qxd6
28. c5 Qc7 29. h3 Nd5 30. Qd2 Rb8 31. Rxa6 Nxb4 32. Rd6 Qxc5 33. Rd8+ Rxd8 34.
Qxd8+ Kh7 35. Qd7 Qc1+ 36. Qd1 Qxd1+ 37. Bxd1 g5 38. Kf1 Kg6 39. Ke2 Kf5 40. Kf3
h5 41. Ba4 h4 42. Bb3 f6 43. Ba4 Nd5 44. g3 hxg3 45. fxg3 Kg6 46. Bc2+ f5 47. g4
Kf6 48. gxf5 exf5 49. Kg3 Ne3 50. Bd3 Ke5 51. Kf3 Nd5 52. Be2 Nf4 53. Bf1 Ng6
54. Bd3 Kf6 55. Be2 Nf4 56. Bf1 Ke5 57. Ke3 Ng6 58. Bd3 Nh4 59. Bb1 Kd5 60. Bd3
Ke5 61. Bb1 f4+ 62. Kf2 Kf6 63. Ba2 Ke5 64. Bb1 Kd4 65. Bc2 Kc3 66. Bh7 Kd4 67.
Bc2 Kd5 68. Bh7 Ke5 69. Bb1 Nf5 70. Kf3 Ne3 71. Bh7 Nf5 72. Kg4 Ne3+ 73. Kxg5 f3
74. Bd3 f2 75. h4 Nf5 76. h5 Nd6 77. Kg6 Nf5 78. Kg5 Nd6 79. Kg6 Nf5 80. Kg5 1/2-1/2

[Event "36th World Junior Girls"]
[Site "Manavgat TUR"]
[Date "2018.09.05"]
[Round "1.40"]
[White "Santeramo, Alessia"]
[Black "Zairbek kyzy, Begimay"]
[Result "1-0"]
[WhiteTitle "WFM"]
[WhiteElo "2124"]
[BlackElo "1770"]
[WhiteFideId "850810"]
[BlackFideId "13803603"]
[EventDate "2018.09.05"]

1. e4 c6 2. d4 d5 3. Nc3 dxe4 4. Nxe4 Nf6 5. Nxf6+ gxf6 6. Nf3 Bg4 7. Be3 e6 8.
g3 Nd7 9. Bg2 Bd6 10. O-O Nb6 11. b3 Nd5 12. Bd2 f5 13. Qe1 Qe7 14. c4 Nf6 15.
Ne5 Nd7 16. Nxd7 Qxd7 17. Bc3 Rg8 18. d5 f4 19. dxc6 bxc6 20. Qe4 f5 21. Qxc6
Rc8 22. Qxd7+ Kxd7 23. f3 fxg3 24. fxg4 gxh2+ 25. Kh1 Rxg4 26. Rad1 Ke7 27. Bf6+
Kxf6 28. Rxd6 Rcg8 29. Rf2 R8g6 30. Re2 Ke7 31. Ra6 Rh4 32. Rxa7+ Kf8 33. Rd2 1-0

[Event "36th World Junior Girls"]
[Site "Manavgat TUR"]
[Date "2018.09.06"]
[Round "2.2"]
[White "Assaubayeva, Bibisara"]
[Black "Varshini, V"]
[Result "1-0"]
[WhiteTitle "FM"]
[BlackTitle "WIM"]
[WhiteElo "2371"]
[BlackElo "2173"]
[WhiteFideId "13708694"]
[BlackFideId "5091241"]
[EventDate "2018.09.05"]

1. d4 d5 2. c4 e6 3. Nf3 Nf6 4. Nc3 Be7 5. Bg5 h6 6. Bh4 O-O 7. e3 b6 8. cxd5
exd5 9. Bd3 Bb7 10. O-O Nbd7 11. Qa4 a6 12. Bf5 c5 13. dxc5 Nxc5 14. Qd4 Ne6 15.
Qd3 Nc5 16. Qe2 Nfe4 17. Bxe7 Qxe7 18. Rac1 g6 19. Bh3 h5 20. Rfd1 Rad8 21. g3
Rfe8 22. Bg2 Qf6 23. Nd4 a5 24. Qf3 Qe7 25. h4 Rd6 26. Qe2 Ba6 27. Qc2 Red8 28.
Nde2 Nxc3 29. bxc3 Bxe2 30. Qxe2 Ne4 31. Rd4 Rf6 32. Bxe4 dxe4 33. Qc4 Re8 34.
Rcd1 Re6 35. Rd7 Qf6 36. Rc7 Qf5 37. Rc8 Re7 38. Rdd8 Qe5 39. Qd4 Qe6 40. Rxe8+
Rxe8 41. Rxe8+ Qxe8 42. Qxb6 Qa4 43. Qb3 Qd7 44. Qc2 Qc6 45. c4 a4 46. a3 Kf8
47. c5 Ke7 48. Qc4 f5 49. Kf1 Kd7 50. Ke2 Kc7 51. Kd2 Qd7+ 52. Kc2 Kb7 53. Kc3
Qd1 54. Qb5+ Ka7 55. Qb6+ Ka8 56. Qa6+ Kb8 57. Qd6+ 1-0

[Event "36th World Junior Girls"]
[Site "Manavgat TUR"]
[Date "2018.09.06"]
[Round "2.3"]
[White "Schneider, Jana"]
[Black "Tokhirjonova, Gulrukhbegim"]
[Result "1/2-1/2"]
[WhiteTitle "FM"]
[BlackTitle "WGM"]
[WhiteElo "2190"]
[BlackElo "2369"]
[WhiteFideId "12924997"]
[BlackFideId "14203626"]
[EventDate "2018.09.05"]

1. e4 e5 2. Nf3 Nc6 3. Bc4 Bc5 4. d3 Nf6 5. O-O d6 6. a4 a5 7. c3 h6 8. Re1 O-O
9. h3 Bb6 10. Na3 Ne7 11. d4 Ng6 12. Bb3 c6 13. Qc2 Nh5 14. Be3 Bc7 15. dxe5
dxe5 16. Bc5 Re8 17. Rad1 Qf6 18. Nc4 Bxh3 19. Nd6 Bxd6 20. Rxd6 Be6 21. Bxe6
Rxe6 22. Rd7 Ngf4 23. Re3 Ree8 24. Rxb7 Qg6 25. Ne1 Qg4 26. Bb6 Re6 27. Qd2 Rg6
28. Qd7 Qxd7 29. Rxd7 Nf6 30. Rb7 Ng4 31. Rf3 Rd6 32. g3 Nh3+ 33. Kg2 Ng5 34.
Rd3 Nxe4 35. f3 Rxd3 36. Nxd3 Nd6 37. Rc7 e4 38. fxe4 Nxe4 39. Rxc6 Ra6 40. Rc8+
Kh7 41. Rb8 Ngf6 42. Ne5 Nd5 43. Bd4 Nd6 44. c4 Nb4 45. c5 Nf5 46. Bc3 Ne3+ 47.
Kf3 Ned5 48. Nxf7 Nxc3 49. bxc3 Nd3 50. Rc8 Rf6+ 51. Ke3 Nb2 52. Ne5 Nxa4 53. c4
Rf1 54. c6 Re1+ 55. Kf4 Nc5 56. c7 Ne6+ 57. Kf5 Nd4+ 58. Kg4 h5+ 59. Kh3 Rxe5
60. Rd8 Rc5 61. c8=Q Rxc8 62. Rxc8 Kg6 63. Ra8 Nb3 64. Kg2 Kf6 65. Kf3 Nd2+ 66.
Kf4 g5+ 67. Ke3 Nxc4+ 68. Kd4 Nd2 69. Rf8+ Ke6 70. Rf2 Nb3+ 71. Kc4 a4 72. Ra2
Kf5 73. Rxa4 Nd2+ 74. Kd3 Nf1 75. g4+ hxg4 76. Ra8 g3 77. Rf8+ Kg4 78. Rxf1 g2
79. Ra1 Kf3 80. Kd4 1/2-1/2

[Event "36th World Junior Girls"]
[Site "Manavgat TUR"]
[Date "2018.09.06"]
[Round "2.5"]
[White "Dordzhieva, Dinara"]
[Black "Ivana Maria, Furtado"]
[Result "1/2-1/2"]
[WhiteTitle "WIM"]
[BlackTitle "WIM"]
[WhiteElo "2318"]
[BlackElo "2144"]
[WhiteFideId "24157570"]
[BlackFideId "5048400"]
[EventDate "2018.09.05"]

1. Nf3 d5 2. g3 Nc6 3. d4 Bf5 4. Bg2 Qd7 5. O-O f6 6. a3 O-O-O 7. b4 Bh3 8. Bxh3
Qxh3 9. Nbd2 h5 10. b5 Nxd4 11. Nxd4 h4 12. N4f3 hxg3 13. fxg3 e5 14. Nb3 e4 15.
Rf2 exf3 16. exf3 Bd6 17. Qf1 Ne7 18. Qxh3+ Rxh3 19. Bd2 Nf5 20. a4 Rdh8 21. Rg2
Be5 22. Re1 g5 23. c3 Nd6 24. Ree2 Nc4 25. Be1 b6 26. Nd4 Bxd4+ 27. cxd4 Kd7 28.
Bb4 R3h7 29. Re1 Re8 30. Rxe8 Kxe8 31. Re2+ Kd7 32. g4 f5 33. gxf5 Rf7 34. Kg2
Rxf5 35. Kg3 Rf4 36. Be7 Rxd4 37. Bf6 Rd3 38. Bxg5 Nd6 39. h4 Nf5+ 40. Kg4 Nd4
41. Re7+ Kd6 42. Rf7 Rd1 43. Bf4+ Ke6 44. Rxc7 Rg1+ 45. Kh3 Nxf3 46. Rxa7 Kf5
47. Bg3 Rb1 48. Kg2 Nd2 49. Rf7+ Kg6 50. Rd7 Nc4 51. Bf2 Rb2 52. Kg3 Rb3+ 53.
Kg2 Rb2 54. Kg3 Rb3+ 55. Kf4 Rb4 56. Bd4 Rxa4 57. Rxd5 Na3 58. Ke5 Ra5 59. Bxb6
Rxb5 60. Bc5 Rb3 61. Kf4 Nc4 62. h5+ Kh6 63. Bf8+ Kh7 64. Rd7+ Kg8 65. Bc5 Rh3
66. Kg5 Ne5 67. Rd8+ Kh7 68. Rc8 Nf7+ 69. Kg4 Rc3 70. Rc7 Kg8 71. Kf4 Rh3 72.
Kg4 Rc3 73. Kf5 Rf3+ 74. Kg6 Rg3+ 75. Kf6 Rf3+ 76. Ke6 Ng5+ 77. Kd5 Rf5+ 78. Kc4 1/2-1/2